| 000 | 01365nam0a2200301 i 4500 | ||
|---|---|---|---|
| 001 | RU\NLR\BIBL_A\010218535 | ||
| 005 | 20240921133122.0 | ||
| 010 |
_a9785905371523 _9500 |
||
| 021 |
_aRU _b2014-1570 _997 |
||
| 035 | _a(NLR Aleph) 010218535 | ||
| 090 |
_a10311039 _c10311039 |
||
| 100 | _a20140314d2013 k y0rusy50 ca | ||
| 101 | 0 | _arus | |
| 102 | _aRU | ||
| 105 | _aa|||z||||00yy | ||
| 200 | 1 |
_aФинансовый инжиниринг инновационных финансовых инструментов в условиях нарастающей нестабильности на финансовых рынках: мировой и российский опыт _eмонография _fН. Л. Полтораднева |
|
| 210 |
_aЙошкар-ола _cКоллоквиум _d2013 |
||
| 215 |
_a131 с. _cил. _d21 |
||
| 300 | _aНа 4-й с. обл. авт.: Полтораднева Н.Л., к.э.н., доц. | ||
| 320 | _aБиблиогр.: с. 118-131 и в подстроч. примеч. | ||
| 606 | 1 |
_aБанки _xИнновационная деятельность _92415241 _3RU\NLR\AUTH\661438725 |
|
| 686 | 1 | _aУ26(0)210-55 | |
| 686 | 1 | _aУ26(2)210-55(2Р) | |
| 700 | 1 |
_aПолтораднева _bН. Л. _gНаталья Леонидовна |
|
| 942 | _cBOOK | ||
| 980 | _aNBR | ||